000 01372 a2200229 4500
001 21544
005 20260407155505.0
008 260407a2011 arg spa d
003 AR-UNSa-BCEJYS
040 _aAR-UNSa-BCEJYS
_bspa
_cAR-UNSa-BCEJYS
080 _a342
_xDerecho constitucional (Derecho Público)
245 1 0 _aManual de derecho constitucional
020 _a978-987-03-1901-6
264 1 _aBuenos Aires :
_bLa Ley
_c2011
300 _axxvii, 1088 p.
_c24 cm.
505 _a1. Derecho Constitucional - 2. La Constitución - 3. Dinámica del poder constituyente - 4. Supremacía constitucional y control de constitucionalidad - 5. Estado y gobierno - 6. La libertad constitucional - 7. Las libertades civiles - 8. Libertad de expresión - 9. Las libertades patrimoniales - 10. Libertad de trabajo y seguridad social - 11. Libertad fiscal y poder impositivo - 12. Las libertades políticas - 13. Las garantías constitucionales - 14. Las garantías jurisdiccionales - 15. Las garantías institucionales - 16. Poder legislativo - 17. La actividad del congreso - 18. Poder Ejecutivo - 19. Poder Judicial
041 _aspa
942 _cBK
590 _aniveau_biblio:m niveau_hierar:0
100 1 _aBadeni, Gregorio
856 4 1 _uhttps://biblioeco.unsa.edu.ar/pmb/images/libros/Manual de Derecho Conititucional(gregorio badeni)2.jpg
_yImagen de portada
_qimage/jpeg
999 _c810
_d810